Thomas Cushing papers, (Record no. 43839)

MARC details
000 -LEADER
fixed length control field 01094cpcaa2200301 4500
001 - CONTROL NUMBER
control field mm 82098491
003 - CONTROL NUMBER IDENTIFIER
control field DLC
005 - DATE AND TIME OF LATEST TRANSACTION
control field 20260227111718.0
008 - FIXED-LENGTH DATA ELEMENTS--GENERAL INFORMATION
fixed length control field 820525|||||||||||| eng
010 ## - LIBRARY OF CONGRESS CONTROL NUMBER
LC control number mm 82098491
040 ## - CATALOGING SOURCE
Original cataloging agency DLC
Description conventions dacs
Transcribing agency DLC
Modifying agency DLC
072 #7 - SUBJECT CATEGORY CODE
Subject category code N
Source lcmd
100 1# - MAIN ENTRY--PERSONAL NAME
Personal name Cushing, Thomas,
Dates associated with a name 1821-
245 00 - TITLE STATEMENT
Title Thomas Cushing papers,
Inclusive dates 1892.
300 ## - PHYSICAL DESCRIPTION
Extent 2
Type of unit containers.
506 0# - RESTRICTIONS ON ACCESS NOTE
Terms governing access Open to research.
520 8# - SUMMARY, ETC.
Summary, etc. Articles entitled "A Condensed History of Philosophy" and "Original Sales of Land and Sketches of Pioneer Families of Orleans County, N.Y."
545 0# - BIOGRAPHICAL OR HISTORICAL DATA
Biographical or historical data Historian, physician, philosopher, and author.
546 ## - LANGUAGE NOTE
Language note Collection material in English.
650 #0 - SUBJECT ADDED ENTRY--TOPICAL TERM
Topical term or geographic name entry element Philosophy.
650 #4 - SUBJECT ADDED ENTRY--TOPICAL TERM
Topical term or geographic name entry element Land tenure
Geographic subdivision New York (State)
-- Orleans County.
651 #4 - SUBJECT ADDED ENTRY--GEOGRAPHIC NAME
Geographic name Orleans County (N.Y.)
General subdivision History.
656 #7 - INDEX TERM--OCCUPATION
Occupation Authors.
Source of term itoamc
656 #7 - INDEX TERM--OCCUPATION
Occupation Historians.
Source of term itoamc
656 #7 - INDEX TERM--OCCUPATION
Occupation Philosophers.
Source of term itoamc
656 #7 - INDEX TERM--OCCUPATION
Occupation Physicians.
Source of term itoamc

No items available.

Powered by Koha